Gujrat, Cradle and Harbinger of Identity Politics: (Record no. 199323)
[ view plain ]
| 000 -LEADER | |
|---|---|
| fixed length control field | 00629nam a2200193 4500 |
| 005 - DATE AND TIME OF LATEST TRANSACTION | |
| control field | 20231130110024.0 |
| 010 ## - LCCN (DPL NO) | |
| LC control number | ENG-138525 |
| 020 ## - INTERNATIONAL STANDARD BOOK NUMBER | |
| International Standard Book Number | 9788195055944 |
| Terms of availability | 1200.00 |
| 035 ## - SYSTEM CONTROL NUMBER | |
| System control number | EN-122057 |
| 037 ## - SOURCE OF ACQUISITION | |
| Source of stock number/acquisition | DBAD/PUB |
| 082 ## - DEWEY DECIMAL CLASSIFICATION NUMBER | |
| Classification number | 950 |
| Edition number | First |
| 100 ## - MAIN ENTRY--PERSONAL NAME | |
| Personal name | Breman, Jan |
| 245 ## - TITLE STATEMENT | |
| Title | Gujrat, Cradle and Harbinger of Identity Politics: |
| Remainder of title | India's Injuries Frame of Commualism/ |
| Statement of responsibility, etc | By Jan Breman and Ghanshyam Shah |
| 250 ## - EDITION STATEMENT | |
| Edition statement | First |
| 260 ## - PUBLICATION, DISTRIBUTION, ETC. (IMPRINT) | |
| Place of publication, distribution, etc | New Delhi |
| Name of publisher, distributor, etc | Tulika Books |
| Date of publication, distribution, etc | 2022 |
| 270 ## - ADDRESS | |
| Address | 44 (First Floor), Shahpur Jat |
| City | New Delhi |
| Postal code | 110049 |
| 300 ## - PHYSICAL DESCRIPTION | |
| Extent | 371p. |
| Dimensions | 23cm(hbk) |
| 942 ## - ADDED ENTRY ELEMENTS (KOHA) | |
| Source of classification or shelving scheme | Dewey Decimal Classification |
| Item type | English Books |
| Classification part | 950 |
| Call number suffix | BRE |
| Withdrawn status | Lost status | Not for loan | Collection code | Home library | Current library | Date acquired | Source of acquisition | Cost, normal purchase price | Full call number | Barcode | Copy number | Cost, replacement price | Koha item type |
|---|---|---|---|---|---|---|---|---|---|---|---|---|---|
| Non-fiction | Vinoba Puri | Vinoba Puri | 30/11/2023 | DBAD/PUB | 1200.00 | 950 BRE | EN-122057 | 1 | 1200.00 | English Books |
